Biósfera : (Registro nro. 7481)

Detalles MARC
000 -CABECERA
Campo de control 00951nam a2200229 a 4500
005 - FECHA Y HORA DE LA ULTIMA TRANSACCION
Campo de control 20130729154005.0
008 - ELEMENTOS DE LONGITUD FIJA—INFORMACION GENERAL
Campo de control 120514s2011 gw ab frb 000 0 spa d
020 ## - ISBN
ISBN 9783845490564
041 ## - IDIOMA
Código de idioma para texto/pista de sonido o título separado Español
044 ## - PAÍS DE PUBLICACIÓN
País de publicación Alemania
082 04 - NUMERO DE CLASIFICACION DECIMAL DEWEY
Número de clasificación 333.716
Número del ítem G993b
100 1# - ASIENTO PRINCIPAL--NOMBRE PERSONAL
Nombre personal Guzmán López, Samuel
245 10 - MENCION DE TITULO
Título Biósfera :
Parte restante del título experiencias de gestión ambiental territorial /
Mención de responsabilidad Samuel Guzmán López
260 ## - PUBLICACION, DISTRIBUCION, ETC. (PIE DE IMPRENTA)
Lugar de publicación, distribución, etc. Saarbrücken, Alemania
Nombre del editor, distribuidor, etc. LAP Lambert Academic Publishing (Editorial Académica Española)
Fecha de publicación, distribución, etc. 2011
300 ## - DESCRIPCION FISICA
Extensión 145 p.
Otros detalles físicos il., mapas
Dimensiones 22 cm.
500 ## - NOTA GENERAL
Nota general Grupo de investigación Gestión Ambiental Territorial. Facultad de Ciencias Ambientales Universidad Tecnnológica de Pereira,
504 ## - NOTA DE BIBLIOGRAFIA, ETC.
Nota de bibliografía Incluye referencias bibliográficas
650 17 - ASIENTO SECUNDARIO DE MATERIA - TERMINO TEMATICO
Término temático o nombre geográfico como elemento de entrada Gestión ambiental
Subdivisión geográfica Pereira (Colombia)
650 17 - ASIENTO SECUNDARIO DE MATERIA - TERMINO TEMATICO
Término temático o nombre geográfico como elemento de entrada Planificación regional
Subdivisión geográfica Pereira (Colombia)
650 17 - ASIENTO SECUNDARIO DE MATERIA - TERMINO TEMATICO
Término temático o nombre geográfico como elemento de entrada Desarrollo sostenible
Subdivisión geográfica Pereira (Colombia)
942 ## - ELEMENTOS ADICIONALES (KOHA)
Sistema de clasificación Dewey Decimal Classification
Tipo de ítem Impreso
Existencias
Withdrawn status Lost status Sistema de Clasificación Damaged status No para préstamo Colección Inventariado Ubicación Permanente Ubicación actual Fecha de adquisición Fuente de Valor Valor Total Checkouts Número topográfico Inventario / Código de Barras Date last seen Ejemplar Price effective from Tipo de material
    Dewey Decimal Classification     General Inventariado 2017 Bogotá Bogotá 29/07/2013 Instituto 39000.00   LB-333.716 G993b 028660 29/07/2013 Ej. 1 29/07/2013 Libro